Náš současný kapitálový trh

Základné funkcie finančného trhu. Členenie kapitálového trhu: z hľadiska spôsobu získania kapitálu, z "hľadiska ruky", trh peňažný a kapitálový. Podnik ako subjekt kapitálového trhu. Spôsoby umiestnenia cenných papierov na kapitálovom trhu.

Na minha lista:
Detalhes bibliográficos
Autor principal: Guoth, J.
Formato: Capítulo de Livro
Idioma:tcheco
Assuntos:
Tags: Adicionar Tag
Sem tags, seja o primeiro a adicionar uma tag!

MARC

LEADER 00000naa a2200000 4500
001 r024679
005 20221205080207.1
041 0 |a cze 
044 |a CZ 
245 1 0 |a Náš současný kapitálový trh  |c J. Guoth 
520 |a Základné funkcie finančného trhu. Členenie kapitálového trhu: z hľadiska spôsobu získania kapitálu, z "hľadiska ruky", trh peňažný a kapitálový. Podnik ako subjekt kapitálového trhu. Spôsoby umiestnenia cenných papierov na kapitálovom trhu. 
610 2 0 |a trh kapitálový 
610 2 0 |a trh finančný 
610 2 0 |a podnik 
610 2 0 |a papiere cenné 
610 2 0 |a Česko 
610 2 0 |a investovanie 
610 2 0 |a privatizácia 
100 1 |a Guoth, J.